Normal view MARC view

Entry Personal Name

Used in 1 records

001 - CONTROL NUMBER

  • control field: 1983

003 - CONTROL NUMBER IDENTIFIER

  • control field: OSt

005 - DATE AND TIME OF LATEST TRANSACTION

  • control field: 20151004100428.0

008 - FIXED-LENGTH DATA ELEMENTS

  • fixed length control field: http://192.168.3.116:8080/cgi-bin/koha/a

040 ## - CATALOGING SOURCE

  • Original cataloging agency: OSt

100 ## - HEADING--PERSONAL NAME

  • Personal name: ម៉ៅ,​ សិទ្ធ
មជ្ឈមណ្ឌលឯការនៃសាកលវិទ្យាល័យភូមិន្ទកសិកម្មចំការដូង

Powered by Koha